| 000 | 01142nam a2200277Ia 4500 | ||
|---|---|---|---|
| 003 | OSt | ||
| 005 | 20221005104719.0 | ||
| 006 | a|||||r|||| 00| 0 | ||
| 007 | ta | ||
| 008 | 221004b |||||||| |||| 00| 0 hin d | ||
| 020 | _c120 | ||
| 024 | _a9037 | ||
| 037 |
_b20478, 08/01/2014, Hindi Madhyam Karyanvyan Nideshalye _cTextual |
||
| 040 |
_aCRL _cCRL _bhin |
||
| 041 |
_2hin _ahin |
||
| 082 | _aV2z7, 152P3 | ||
| 100 | _aशर्मा, रामविलास | ||
| 245 | 0 | _aपश्चिमी एशिया और ऋग्वेद | |
| 246 | _aPashchimī eshiyā aur ṛugveda | ||
| 260 |
_aदिल्ली _bविश्वविद्यालय हिंदी माध्यम कार्यान्वय निदेशालय भारत _c2003 |
||
| 300 |
_a286पृ0 _ccm. |
||
| 490 | _aइतिहास का समकालीन परिदृश्य; 3 | ||
| 650 | _aविश्व-इतिहास | ||
| 942 |
_hV2z7, 152P3 _cTEXL _2cc |
||
| 999 |
_c1013564 _d1013564 |
||